000 00606nam a2200241Ia 4500
003 OSt
005 20220918174053.0
006 a|||||r|||| 00| 0
007 ta
008 220917b |||||||| |||| 00| 0 eng d
024 _a10,312
037 _cTextual
040 _aARTS
_cARTS
_beng
041 _2eng
_aeng
082 _aR1, M0
245 0 _aNute Donald
260 _aDordrech
_bD Reidel Pub company
_c1980
300 _ax,164p.
_ccm.
490 _aPhilosophical studies series in philosophy; 20
650 _aPHILOSOPHY
942 _hR1, M0
_cTEXL
_2CC
999 _c151686
_d151686